Holnap kezdődik a néptáncfesztivál

Elmentve itt :
Bibliográfiai részletek
Dokumentumtípus: Cikk
Megjelent: 1967-08-09
Sorozat:Délmagyarország 57 No. 186
Kulcsszavak:Németh Lajos, Papp Gyula, Tóth Sándor, Néptáncegyüttes fellépése Szeged 1967, néptáncfesztivál
Online Access:http://dmarchiv.bibl.u-szeged.hu/75560
LEADER 00499nab a2200145 i 4500
001 delm75560
005 20180928084322.0
008 180928s1967 hu o 0|| hun d
040 |a SZTE Délmagyarország Archívum  |b hun 
041 |a hun 
245 0 0 |a Holnap kezdődik a néptáncfesztivál  |h [elektronikus dokumentum] 
260 |c 1967-08-09 
300 |a 3 
490 0 |a Délmagyarország  |v 57 No. 186 
695 |a Németh Lajos, Papp Gyula, Tóth Sándor, Néptáncegyüttes fellépése Szeged 1967, néptáncfesztivál